00378pab a2200145 454500008004000000100001600040245004800056260000900104300001100113362001200124650001900136650001100155700001700166773004900183180718b1996 xxu||||| |||| 00| 0 eng d aJoshi, G.P. aCommunity policing concept and applications c1996 ap.1-21 aJul-Sep aPolice - India aPolice aBajpai, G.S. aPolice Research and Development, Quarter III